000 00602nam a2200181 a 4500
005 20140412111342.0
008 050512s19uu xx 00 eng d
020 _a0-689-82246-4
050 _aTR(PS E
_bPa11 1990
100 _aCarle, Eric
245 _aPancakes, pancakes! /
_cby Eric Carle.
260 _aNew York :
_bAladdin Paperbacks,
_c1990.
300 _a1 v. (unp.) ; ill.
520 _aBy cutting and grinding the wheat for flour, Jack starts from scratch to help make his breakfast pancake.
650 _aPancakes, waffles, etc.
_xFiction
650 _aCookery
_xFiction
999 _c105150
_d105150